LEADER 00782nam0-22003011i-450- 001 990003278770403321 005 20001010 035 $a000327877 035 $aFED01000327877 035 $a(Aleph)000327877FED01 035 $a000327877 100 $a20000920d19282km-y0itay50------ba 101 0 $aita 105 $ay-------001yy 200 1 $a<>ETATS-UNIS 210 $aParis$cLibrairie Armand Colin$d1928 2 copie 215 $app. 362 610 0 $aStati Uniti d'America 676 $a207.000 700 1$aSiegfried,$bAndré$f<1875-1959>$0375837 801 0$aIT$bUNINA$gRICA$2UNIMARC 901 $aBK 912 $a990003278770403321 952 $a207.000.SIE$b5640/5993/bis$fDECGE 959 $aDECGE 996 $aETATS-UNIS$9451221 997 $aUNINA DB $aING01 LEADER 00857nam0-2200301---450- 001 990009571520403321 005 20120511133300.0 035 $a000957152 035 $aFED01000957152 035 $a(Aleph)000957152FED01 035 $a000957152 100 $a20120511d1974----km-y0itay50------ba 101 0 $aita 102 $aIT 105 $aa-------001yy 200 1 $aFisiopatologia del circolo cerebrale$fGiordano Invernizzi 210 $aMilano$cIstituto Biochimico Italiano$d1974 215 $a48 p.$d29 cm 610 0 $aCervello$aVasi sanguigni$aFisiopatologia 676 $a573.86 700 1$aInvernizzi,$bGiordano$0295134 801 0$aIT$bUNINA$gRICA$2UNIMARC 901 $aBK 912 $a990009571520403321 952 $a80 XV 127$b10806$fFFABC 959 $aFFABC 996 $aFisiopatologia del circolo cerebrale$9846446 997 $aUNINA